The sale of Goods Act with allied laws (Record no. 2602)

MARC details
000 -LEADER
fixed length control field 00679 a2200205 4500
020 ## - INTERNATIONAL STANDARD BOOK NUMBER
Terms of availability 550.00
035 ## - SYSTEM CONTROL NUMBER
System control number B-87737
037 ## - SOURCE OF ACQUISITION
Source of stock number/acquisition RP-BLIII-222 / UBH-05-06:22 / RP-05-06:ENG
082 14 - DEWEY DECIMAL CLASSIFICATION NUMBER
Classification number 346.54072
090 ## - LOCALLY ASSIGNED LC-TYPE CALL NUMBER (OCLC); LOCAL CALL NUMBER (OCLC)
-- 2645
-- 2645
100 1# - MAIN ENTRY--PERSONAL NAME
Personal name Aiyar, P. Ramanatha
245 1# - TITLE STATEMENT
Title The sale of Goods Act with allied laws
Statement of responsibility, etc by P. Ramanatha;revised by K. Venkoba Rao
250 ## - EDITION STATEMENT
Edition statement 7th ed
260 ## - PUBLICATION, DISTRIBUTION, ETC. (IMPRINT)
Place of publication, distribution, etc Allahabad
Name of publisher, distributor, etc The University Book Agency
Date of publication, distribution, etc 2001r
300 ## - PHYSICAL DESCRIPTION
Extent vi, 916 p
Dimensions 24 cm (HB)
500 ## - GENERAL NOTE
General note This is reprint 2001
700 ## - ADDED ENTRY--PERSONAL NAME
Personal name Rao, K. Venkoba
942 ## - ADDED ENTRY ELEMENTS (KOHA)
Institution code [OBSOLETE] dpl
Koha item type English Books
Call number prefix 346.54072 / AIY
Holdings
Withdrawn status Lost status Source of classification or shelving scheme Damaged status Not for loan Collection code Home library Current library Cost, normal purchase price Total Checkouts Full call number Barcode Date last seen Copy number Uniform Resource Identifier Cost, replacement price Price effective from Koha item type
    Dewey Decimal Classification   Ordered Non-fiction Karol Bagh Karol Bagh 550.00   346.54072 B-87737 15/09/2008 1 2785 550.00 15/09/2008 English Books

© Delhi Public Library
Hit Counter
free hit counter